000
00297nam a2200121Ia 4500
008
191201s2003 xx 000 0 und d
100
_a
DAHIYA, Amardeep
245
0
_a
Four Fingers and Seventeen Nails
260
_a
N.Delhi
_b
UBS
_c
2003
300
_a
243
650
_a
General Books
942
_2
ddc
_c
BK
999
_c
1583
_d
1583